{"text_format":"3","workbook":"xlsx","n_sheets":1,"sheets":["t470"],"read":"whole","date_system":"1900"}

{"sheet":"t470","index":0,"n_rows":230,"n_cols":7,"rows_kept":230,"merged":[[0,0,0,6],[30,0,30,5],[52,0,52,5],[161,0,161,5]]}
["TABELA 470.1 - Estatísticas Agrícolas, Município de Regente Feijó, Estado de São Paulo, 2007/08."]
["ITEM","UNIDADE","N.DE UPAs","MÍNIMO","MÉDIO","MÁXIMO","TOTAL"]
["Distância à sede do município","km",487,0.5,{"v":7.69,"d":"7.7"},24.5,"-"]
["Área total","hectare",487,0.4,{"v":51.88,"d":"51.9"},{"v":1917.8,"d":"1,917.8"},{"v":25266.4,"d":"25,266.4"}]
["Área com cultura perene","hectare",118,0.1,{"v":2.76,"d":"2.8"},{"v":29,"d":"29.0"},325.3]
["Área com cultura temporária","hectare",189,0.2,{"v":15.42,"d":"15.4"},316.2,{"v":2914.4,"d":"2,914.4"}]
["Área com pastagem","hectare",453,0.1,{"v":42.76,"d":"42.8"},{"v":1858.2,"d":"1,858.2"},{"v":19369.3,"d":"19,369.3"}]
["Área com reflorestamento","hectare",143,0.1,{"v":3.24,"d":"3.2"},210.5,462.9]
["Área com vegetação natural","hectare",170,0.1,{"v":5.17,"d":"5.2"},62.5,879.7]
["Área com vegetação de brejo e várzea","hectare",247,0.1,{"v":3.17,"d":"3.2"},36.3,782.4]
["Área em descanso","hectare",15,0.5,{"v":2.72,"d":"2.7"},7.2,40.8]
["Área complementar","hectare",433,0.1,{"v":1.14,"d":"1.1"},{"v":27,"d":"27.0"},491.6]
["Área das UPAs com (0, 1] ha","hectare",10,0.4,{"v":0.77,"d":"0.8"},{"v":1,"d":"1.0"},7.7]
["Área das UPAs com (1, 2] ha","hectare",12,1.1,{"v":1.51,"d":"1.5"},{"v":2,"d":"2.0"},18.1]
["Área das UPAs com (2, 5] ha","hectare",55,2.1,{"v":3.62,"d":"3.6"},{"v":5,"d":"5.0"},199.3]
["Área das UPAs com (5, 10] ha","hectare",80,5.2,{"v":7.78,"d":"7.8"},{"v":10,"d":"10.0"},622.2]
["Área das UPAs com (10, 20] ha","hectare",100,10.4,{"v":14.57,"d":"14.6"},{"v":20,"d":"20.0"},{"v":1456.8,"d":"1,456.8"}]
["Área das UPAs com (20, 50] ha","hectare",125,20.4,{"v":30.95,"d":"31.0"},{"v":50,"d":"50.0"},{"v":3869,"d":"3,869.0"}]
["Área das UPAs com (50, 100] ha","hectare",50,50.8,{"v":75.63,"d":"75.6"},99.2,{"v":3781.3,"d":"3,781.3"}]
["Área das UPAs com (100, 200] ha","hectare",32,102.8,{"v":143.48,"d":"143.5"},198.6,{"v":4591.2,"d":"4,591.2"}]
["Área das UPAs com (200, 500] ha","hectare",17,217.8,{"v":309.32,"d":"309.3"},{"v":484,"d":"484.0"},{"v":5258.4,"d":"5,258.4"}]
["Área das UPAs com (500, 1.000] ha","hectare",4,528.9,601.8,677.6,{"v":2407.2,"d":"2,407.2"}]
["Área das UPAs com (1.000, 2.000] ha","hectare",2,{"v":1137.4,"d":"1,137.4"},{"v":1527.6,"d":"1,527.6"},{"v":1917.8,"d":"1,917.8"},{"v":3055.2,"d":"3,055.2"}]
["Área das UPAs com (2.000, 5.000] ha","hectare","-","-","-","-","-"]
["Área das UPAs com (5.000, 10.000] ha","hectare","-","-","-","-","-"]
["Área das UPAs acima de 10.000 ha","hectare","-","-","-","-","-"]
["Familiares do proprietário que trabalham na UPA","unidade",370,{"v":1,"d":"1.0"},{"v":1.58,"d":"1.6"},{"v":8,"d":"8.0"},{"v":585,"d":"585.0"}]
["Trabalhadores permanentes","unidade",179,{"v":1,"d":"1.0"},2.2,{"v":70,"d":"70.0"},{"v":394,"d":"394.0"}]
["Fonte: Secretaria de Agricultura e Abastecimento, CDRS/IEA, Projeto LUPA."]
[]
["TABELA 470.2 - Explorações Animais, Município de Regente Feijó, Estado de São Paulo, 2007/08."]
["ITEM","UNIDADE","N.DE UPAs","MÍNIMO","MÉDIO","MÁXIMO","TOTAL"]
["Apicultura","colmeias",4,{"v":5,"d":"5.0"},{"v":18.75,"d":"18.8"},{"v":50,"d":"50.0"},{"v":75,"d":"75.0"}]
["Asininos E Muares","cabeças",42,{"v":1,"d":"1.0"},{"v":1.98,"d":"2.0"},{"v":11,"d":"11.0"},{"v":83,"d":"83.0"}]
["Avicultura de Corte","cabeças/ano",16,{"v":4,"d":"4.0"},{"v":59.19,"d":"59.2"},{"v":250,"d":"250.0"},{"v":947,"d":"947.0"}]
["Avicultura Ornamental/Decorativa/Exótica","cabeças",78,{"v":3,"d":"3.0"},{"v":54.17,"d":"54.2"},{"v":230,"d":"230.0"},{"v":4225,"d":"4,225.0"}]
["Avicultura para Ovos","cabeças",7,{"v":10,"d":"10.0"},{"v":43007.86,"d":"43,007.9"},{"v":130000,"d":"130,000.0"},{"v":301055,"d":"301,055.0"}]
["Bovinocultura de Corte","cabeças",104,{"v":8,"d":"8.0"},{"v":172.83,"d":"172.8"},{"v":2035,"d":"2,035.0"},{"v":17974,"d":"17,974.0"}]
["Bovinocultura Leiteira","cabeças",77,{"v":3,"d":"3.0"},{"v":38.61,"d":"38.6"},{"v":460,"d":"460.0"},{"v":2973,"d":"2,973.0"}]
["Bovinocultura Mista","cabeças",225,{"v":2,"d":"2.0"},{"v":37.36,"d":"37.4"},{"v":300,"d":"300.0"},{"v":8406,"d":"8,406.0"}]
["Caprinocultura","cabeças",4,{"v":2,"d":"2.0"},{"v":17.25,"d":"17.3"},{"v":60,"d":"60.0"},{"v":69,"d":"69.0"}]
["Codornicultura","cabeças",1,{"v":20,"d":"20.0"},{"v":20,"d":"20.0"},{"v":20,"d":"20.0"},{"v":20,"d":"20.0"}]
["Cunicultura","cabeças",1,{"v":30,"d":"30.0"},{"v":30,"d":"30.0"},{"v":30,"d":"30.0"},{"v":30,"d":"30.0"}]
["Equinocultura","cabeças",278,{"v":1,"d":"1.0"},{"v":4.32,"d":"4.3"},{"v":60,"d":"60.0"},{"v":1200,"d":"1,200.0"}]
["Outra Exploração Animal","cabeças",6,{"v":9,"d":"9.0"},{"v":49,"d":"49.0"},{"v":100,"d":"100.0"},{"v":294,"d":"294.0"}]
["Ovinocultura","cabeças",29,{"v":1,"d":"1.0"},{"v":25.83,"d":"25.8"},{"v":120,"d":"120.0"},{"v":749,"d":"749.0"}]
["Piscicultura","m² tanques",2,{"v":400,"d":"400.0"},{"v":1200,"d":"1,200.0"},{"v":2000,"d":"2,000.0"},{"v":2400,"d":"2,400.0"}]
["Ranicultura","girinos/ano",2,{"v":8,"d":"8.0"},21.5,{"v":35,"d":"35.0"},{"v":43,"d":"43.0"}]
["Sericicultura","gramas larvas/ano",2,{"v":4,"d":"4.0"},{"v":502,"d":"502.0"},{"v":1000,"d":"1,000.0"},{"v":1004,"d":"1,004.0"}]
["Suinocultura","cabeças",72,{"v":1,"d":"1.0"},{"v":13.26,"d":"13.3"},{"v":80,"d":"80.0"},{"v":955,"d":"955.0"}]
["Fonte: Secretaria de Agricultura e Abastecimento, CDRS/IEA, Projeto LUPA."]
[]
["TABELA 470.3 -  Máquinas, Implementos e Benfeitorias, Município de Regente Feijó, Estado de São Paulo, 2007/08."]
["ITEM","UNIDADE","N.DE UPAs","MÍNIMO","MÉDIO","MÁXIMO","TOTAL"]
["Arado Comum (Bacia, Aiveca)","Unidade",103,{"v":1,"d":"1.0"},{"v":1.36,"d":"1.4"},{"v":6,"d":"6.0"},{"v":140,"d":"140.0"}]
["Arado Escarificador","Unidade",33,{"v":1,"d":"1.0"},{"v":1.67,"d":"1.7"},{"v":5,"d":"5.0"},{"v":55,"d":"55.0"}]
["Arado Subsolador","Unidade",23,{"v":1,"d":"1.0"},{"v":1.13,"d":"1.1"},{"v":2,"d":"2.0"},{"v":26,"d":"26.0"}]
["Batedeira de Cereais","Unidade",14,{"v":1,"d":"1.0"},{"v":1,"d":"1.0"},{"v":1,"d":"1.0"},{"v":14,"d":"14.0"}]
["Câmara Fria","Unidade",1,{"v":1,"d":"1.0"},{"v":1,"d":"1.0"},{"v":1,"d":"1.0"},{"v":1,"d":"1.0"}]
["Carregadeira de Cana","Unidade",2,{"v":1,"d":"1.0"},6.5,{"v":12,"d":"12.0"},{"v":13,"d":"13.0"}]
["Colhedeira Acoplada","Unidade",4,{"v":1,"d":"1.0"},{"v":1.25,"d":"1.3"},{"v":2,"d":"2.0"},{"v":5,"d":"5.0"}]
["Colhedeira Automotriz","Unidade",2,{"v":1,"d":"1.0"},{"v":1,"d":"1.0"},{"v":1,"d":"1.0"},{"v":2,"d":"2.0"}]
["Computador","Unidade",4,{"v":1,"d":"1.0"},{"v":1.75,"d":"1.8"},{"v":3,"d":"3.0"},{"v":7,"d":"7.0"}]
["Conj.Irrigação Autopropelido","Unidade",1,{"v":1,"d":"1.0"},{"v":1,"d":"1.0"},{"v":1,"d":"1.0"},{"v":1,"d":"1.0"}]
["Conj.Irrigação Convencional","Unidade",25,{"v":1,"d":"1.0"},{"v":1.12,"d":"1.1"},{"v":3,"d":"3.0"},{"v":28,"d":"28.0"}]
["Conj.Irrigação Pivot Central","Unidade",3,{"v":1,"d":"1.0"},{"v":2.33,"d":"2.3"},{"v":4,"d":"4.0"},{"v":7,"d":"7.0"}]
["Conj.Irrigação/Gotejamento/Microaspersão","Unidade",7,{"v":1,"d":"1.0"},{"v":1,"d":"1.0"},{"v":1,"d":"1.0"},{"v":7,"d":"7.0"}]
["Desintegrador de Palha (Plantio Direto)","Unidade",1,{"v":1,"d":"1.0"},{"v":1,"d":"1.0"},{"v":1,"d":"1.0"},{"v":1,"d":"1.0"}]
["Desintegrador, Picador, Triturador","Unidade",167,{"v":1,"d":"1.0"},{"v":1.11,"d":"1.1"},{"v":4,"d":"4.0"},{"v":186,"d":"186.0"}]
["Distribuidor de Calcário","Unidade",27,{"v":1,"d":"1.0"},{"v":1.19,"d":"1.2"},{"v":2,"d":"2.0"},{"v":32,"d":"32.0"}]
["Ensiladeira","Unidade",38,{"v":1,"d":"1.0"},{"v":1.16,"d":"1.2"},{"v":3,"d":"3.0"},{"v":44,"d":"44.0"}]
["Grade Aradora (Tipo Romi)","Unidade",46,{"v":1,"d":"1.0"},{"v":1.33,"d":"1.3"},{"v":8,"d":"8.0"},{"v":61,"d":"61.0"}]
["Grade Niveladora","Unidade",84,{"v":1,"d":"1.0"},{"v":1.11,"d":"1.1"},{"v":3,"d":"3.0"},{"v":93,"d":"93.0"}]
["Implementos para Tração Animal","Unidade",61,{"v":1,"d":"1.0"},{"v":2.54,"d":"2.5"},{"v":8,"d":"8.0"},{"v":155,"d":"155.0"}]
["Microtrator","Unidade",12,{"v":1,"d":"1.0"},{"v":1.17,"d":"1.2"},{"v":2,"d":"2.0"},{"v":14,"d":"14.0"}]
["Misturador de Ração","Unidade",10,{"v":1,"d":"1.0"},1.1,{"v":2,"d":"2.0"},{"v":11,"d":"11.0"}]
["Ordenhadeira Mecânica","Unidade",23,{"v":1,"d":"1.0"},{"v":1.17,"d":"1.2"},{"v":4,"d":"4.0"},{"v":27,"d":"27.0"}]
["Pulverizador Tratorizado","Unidade",26,{"v":1,"d":"1.0"},{"v":1.35,"d":"1.4"},{"v":4,"d":"4.0"},{"v":35,"d":"35.0"}]
["Resfriador de Leite, Tanque Expansão","Unidade",31,{"v":1,"d":"1.0"},{"v":1,"d":"1.0"},{"v":1,"d":"1.0"},{"v":31,"d":"31.0"}]
["Semeadeira/Adubadeira para Plantio Convencional","Unidade",32,{"v":1,"d":"1.0"},{"v":1.47,"d":"1.5"},{"v":13,"d":"13.0"},{"v":47,"d":"47.0"}]
["Semeadeira/Plantadeira Plantio Direto","Unidade",11,{"v":1,"d":"1.0"},{"v":1.09,"d":"1.1"},{"v":2,"d":"2.0"},{"v":12,"d":"12.0"}]
["Terraceador","Unidade",5,{"v":1,"d":"1.0"},1.2,{"v":2,"d":"2.0"},{"v":6,"d":"6.0"}]
["Trator de Esteiras","Unidade",3,{"v":1,"d":"1.0"},{"v":1.33,"d":"1.3"},{"v":2,"d":"2.0"},{"v":4,"d":"4.0"}]
["Trator de Pneus","Unidade",133,{"v":1,"d":"1.0"},{"v":1.35,"d":"1.4"},{"v":4,"d":"4.0"},{"v":179,"d":"179.0"}]
["Açude/Represa","Unidade",184,{"v":1,"d":"1.0"},{"v":1.95,"d":"2.0"},{"v":10,"d":"10.0"},{"v":359,"d":"359.0"}]
["Almoxarifado/Oficina","Unidade",37,{"v":1,"d":"1.0"},{"v":1.05,"d":"1.1"},{"v":2,"d":"2.0"},{"v":39,"d":"39.0"}]
["Armazém para Grãos Ensacados","Sacas",10,{"v":1,"d":"1.0"},80.9,{"v":400,"d":"400.0"},{"v":809,"d":"809.0"}]
["Balança para Bovinos","Unidade",25,{"v":1,"d":"1.0"},{"v":1.04,"d":"1.0"},{"v":2,"d":"2.0"},{"v":26,"d":"26.0"}]
["Balança para Veículos","Unidade",3,{"v":1,"d":"1.0"},{"v":1,"d":"1.0"},{"v":1,"d":"1.0"},{"v":3,"d":"3.0"}]
["Barracão para Bicho da Seda/Sirgaria","Unidade",2,{"v":1,"d":"1.0"},{"v":1,"d":"1.0"},{"v":1,"d":"1.0"},{"v":2,"d":"2.0"}]
["Barracão para Granja/Avicultura","Unidade",10,{"v":1,"d":"1.0"},12.1,{"v":50,"d":"50.0"},{"v":121,"d":"121.0"}]
["Barracão/Galpão/Garagem","Unidade",180,{"v":1,"d":"1.0"},{"v":1.27,"d":"1.3"},{"v":8,"d":"8.0"},{"v":229,"d":"229.0"}]
["Biodigestor","Unidade",2,{"v":1,"d":"1.0"},1.5,{"v":2,"d":"2.0"},{"v":3,"d":"3.0"}]
["Casa de Moradia Habitada","Unidade",339,{"v":1,"d":"1.0"},{"v":1.51,"d":"1.5"},{"v":10,"d":"10.0"},{"v":511,"d":"511.0"}]
["Casa de Moradia Total","Unidade",396,{"v":1,"d":"1.0"},{"v":1.99,"d":"2.0"},{"v":40,"d":"40.0"},{"v":789,"d":"789.0"}]
["Curral/Mangueira","Unidade",324,{"v":1,"d":"1.0"},{"v":1.06,"d":"1.1"},{"v":4,"d":"4.0"},{"v":344,"d":"344.0"}]
["Depósito/Tulha","Unidade",295,{"v":1,"d":"1.0"},1.2,{"v":6,"d":"6.0"},{"v":354,"d":"354.0"}]
["Engenho","Unidade",1,{"v":1,"d":"1.0"},{"v":1,"d":"1.0"},{"v":1,"d":"1.0"},{"v":1,"d":"1.0"}]
["Estábulo","Unidade",8,{"v":1,"d":"1.0"},{"v":2.63,"d":"2.6"},{"v":8,"d":"8.0"},{"v":21,"d":"21.0"}]
["Estufa/Plasticultura","m²",5,{"v":1,"d":"1.0"},200.8,{"v":1000,"d":"1,000.0"},{"v":1004,"d":"1,004.0"}]
["Fábrica de Ração","Unidade",1,{"v":1,"d":"1.0"},{"v":1,"d":"1.0"},{"v":1,"d":"1.0"},{"v":1,"d":"1.0"}]
["Instalações para Equinos","Unidade",17,{"v":1,"d":"1.0"},{"v":5.94,"d":"5.9"},{"v":26,"d":"26.0"},{"v":101,"d":"101.0"}]
["Máquina de Benefício","Unidade",4,{"v":1,"d":"1.0"},1.5,{"v":2,"d":"2.0"},{"v":6,"d":"6.0"}]
["Pocilga","Unidade",73,{"v":1,"d":"1.0"},1.6,{"v":8,"d":"8.0"},{"v":117,"d":"117.0"}]
["Poço Semi-Artesiano","Unidade",144,{"v":1,"d":"1.0"},{"v":1.12,"d":"1.1"},{"v":3,"d":"3.0"},{"v":161,"d":"161.0"}]
["Secador de Grãos","Unidade",1,{"v":1,"d":"1.0"},{"v":1,"d":"1.0"},{"v":1,"d":"1.0"},{"v":1,"d":"1.0"}]
["Silo para Grãos","t",1,{"v":42000,"d":"42,000.0"},{"v":42000,"d":"42,000.0"},{"v":42000,"d":"42,000.0"},{"v":42000,"d":"42,000.0"}]
["Silo para Silagem","t",11,{"v":1,"d":"1.0"},{"v":272.09,"d":"272.1"},{"v":800,"d":"800.0"},{"v":2993,"d":"2,993.0"}]
["Terreiro","m²",46,{"v":1,"d":"1.0"},{"v":251.78,"d":"251.8"},{"v":1600,"d":"1,600.0"},{"v":11582,"d":"11,582.0"}]
["Usina de Açúcar/destilaria","Unidade",1,{"v":1,"d":"1.0"},{"v":1,"d":"1.0"},{"v":1,"d":"1.0"},{"v":1,"d":"1.0"}]
["Fonte: Secretaria de Agricultura e Abastecimento, CDRS/IEA, Projeto LUPA."]
[]
["TABELA 470.4 - Outras Estatísticas Agrícolas, Município de Regente Feijó, Estado de São Paulo, 2007/08."]
["ITEM","Número de UPAs",null,"Percentual"]
["Faz Parte de Associação de Produtores",96,null,{"v":19.672131147540984,"d":"19.7"}]
["Faz Parte de Cooperativa de Produtores",118,null,{"v":24.18032786885246,"d":"24.2"}]
["Faz Parte do Sindicato de Produtores",179,null,{"v":36.68032786885246,"d":"36.7"}]
["Não utiliza assistência técnica ",228,null,{"v":46.721311475409834,"d":"46.7"}]
["Utiliza somente assistência técnica governamental ",223,null,{"v":45.69672131147541,"d":"45.7"}]
["Utiliza somente assistência técnica privada ",27,null,{"v":5.532786885245901,"d":"5.5"}]
["Utiliza assistência técnica tanto governamental quanto privada",9,null,{"v":1.8442622950819674,"d":"1.8"}]
["Utiliza Crédito Rural",52,null,{"v":10.655737704918034,"d":"10.7"}]
["Utiliza Seguro Rural",8,null,{"v":1.639344262295082,"d":"1.6"}]
["Utiliza Escrituração Agrícola",79,null,{"v":16.188524590163933,"d":"16.2"}]
["Acessa Internet p/ Fins na Agropecuária",26,null,{"v":5.327868852459017,"d":"5.3"}]
["Utiliza Computador nas Atividades Agropecuárias",45,null,{"v":9.221311475409836,"d":"9.2"}]
["Utiliza Energia Elétrica Para Uso na Atividade Agrícola",404,null,{"v":82.78688524590163,"d":"82.8"}]
["Realiza Análise de Solo, quando necessário",92,null,{"v":18.852459016393443,"d":"18.9"}]
["Utiliza Práticas de Conservação de Solo, quando necessário",315,null,{"v":64.54918032786885,"d":"64.5"}]
["Faz Adubação Mineral, quando necessário",218,null,{"v":44.67213114754099,"d":"44.7"}]
["Faz Adubação Orgânica, quando necessário",173,null,{"v":35.450819672131146,"d":"35.5"}]
["Faz Adubação Verde, quando necessário",46,null,{"v":9.426229508196721,"d":"9.4"}]
["Utiliza Manejo Integrado de Pragas (MIP)",1,null,{"v":0.20491803278688525,"d":"0.2"}]
["Utiliza Hidroponia","-",null,"-"]
["Utiliza Plasticultura",4,null,{"v":0.8196721311475409,"d":"0.8"}]
["Utiliza Mudas Fiscalizadas",137,null,{"v":28.073770491803277,"d":"28.1"}]
["Utiliza Semente Melhorada",115,null,{"v":23.565573770491802,"d":"23.6"}]
["Faz Confinamento de Bovinos",6,null,{"v":1.2295081967213115,"d":"1.2"}]
["Utiliza Pastejo Intensivo",27,null,{"v":5.532786885245901,"d":"5.5"}]
["Faz Inseminação Artificial",17,null,{"v":3.483606557377049,"d":"3.5"}]
["Faz Mineralização do Rebanho",362,null,{"v":74.18032786885246,"d":"74.2"}]
["Faz Vermifugação do Rebanho",364,null,{"v":74.59016393442623,"d":"74.6"}]
["Possui Parceiros /Arrendatários na Exploração Animal",45,null,{"v":9.221311475409836,"d":"9.2"}]
["Esporte e lazer",14,null,{"v":2.8688524590163933,"d":"2.9"}]
["Extração mineral","-",null,"-"]
["Hotel Fazenda, Pousada ou SPA",1,null,{"v":0.20491803278688525,"d":"0.2"}]
["Pesque-pague","-",null,"-"]
["Restaurante ou Lanchonete",1,null,{"v":0.20491803278688525,"d":"0.2"}]
["Transformação artesanal","-",null,"-"]
["Turismo rural ou ecoturismo","-",null,"-"]
["Outras atividades econômicas rurais",3,null,{"v":0.6147540983606558,"d":"0.6"}]
["Agroindústria",1,null,{"v":0.20491803278688525,"d":"0.2"}]
["Proprietário sem instrução ou com instrução incompleta",26,null,{"v":5.327868852459017,"d":"5.3"}]
["Proprietário com antigo primário completo",167,null,{"v":34.221311475409834,"d":"34.2"}]
["Proprietário com 1° grau (ou antigo ginasial) completo",72,null,{"v":14.754098360655737,"d":"14.8"}]
["Proprietário com 2° grau (ou antigo colegial) completo",80,null,{"v":16.39344262295082,"d":"16.4"}]
["Proprietário com curso superior completo ",138,null,{"v":28.278688524590166,"d":"28.3"}]
["Pessoa Jurídica",4,null,{"v":0.8196721311475409,"d":"0.8"}]
["Proprietário residente na própria UPA ",137,null,{"v":28.073770491803277,"d":"28.1"}]
["Fonte: Secretaria de Agricultura e Abastecimento, CDRS/IEA, Projeto LUPA."]
[]
["TABELA 470.5 - Área Cultivada, Município de Regente Feijó, Estado de São Paulo, 2007/08."]
["CULTURA","N.DE UPAs","MÍNIMO","MÉDIO","MÁXIMO","TOTAL"]
["Braquiaria",443,0.1,{"v":43.25,"d":"43.3"},{"v":1858.2,"d":"1,858.2"},{"v":19158.8,"d":"19,158.8"}]
["Cana-de-acucar",118,0.2,{"v":17.62,"d":"17.6"},316.2,{"v":2078.9,"d":"2,078.9"}]
["Milho",73,0.4,{"v":4.51,"d":"4.5"},33.9,329.1]
["Teca",2,31.1,120.8,210.5,241.6]
["Eucalipto",138,0.1,1.5,18.9,206.8]
["Cafe",47,0.2,{"v":3.79,"d":"3.8"},19.3,{"v":178,"d":"178.0"}]
["Soja",2,43.6,84.8,{"v":126,"d":"126.0"},169.6]
["Gramas",11,2.1,{"v":15.25,"d":"15.3"},52.7,167.7]
["Mandioca",13,0.3,{"v":7.16,"d":"7.2"},46.6,93.1]
["Amendoim",2,{"v":21,"d":"21.0"},{"v":33,"d":"33.0"},{"v":45,"d":"45.0"},{"v":66,"d":"66.0"}]
["Coco-da-baia",12,0.3,{"v":3.83,"d":"3.8"},{"v":19,"d":"19.0"},45.9]
["Manga",8,0.5,{"v":5.05,"d":"5.1"},28.7,40.4]
["Batata-doce",2,2.4,{"v":19.35,"d":"19.4"},36.3,38.7]
["Pomar domestico",53,0.1,{"v":0.45,"d":"0.5"},2.7,23.8]
["Mandioquinha",1,22.4,22.4,22.4,22.4]
["Tomate rasteiro",4,1.2,{"v":4.15,"d":"4.2"},8.4,16.6]
["Capim-napier (ou capim-elefante)",16,0.1,{"v":0.93,"d":"0.9"},1.4,14.8]
["Outras gramineas para pastagem",2,5.6,7.3,{"v":9,"d":"9.0"},14.6]
["Pinus",3,0.4,{"v":4.33,"d":"4.3"},{"v":12,"d":"12.0"},{"v":13,"d":"13.0"}]
["Viveiro de flores e ornamentais",2,5.2,6.2,7.2,12.4]
["Melancia",2,4.8,{"v":6.05,"d":"6.1"},7.3,12.1]
["Milho-doce",3,{"v":1,"d":"1.0"},{"v":3.87,"d":"3.9"},9.6,11.6]
["Pimentao",6,0.9,{"v":1.67,"d":"1.7"},2.4,{"v":10,"d":"10.0"}]
["Coloniao",3,{"v":1,"d":"1.0"},{"v":2.87,"d":"2.9"},4.6,8.6]
["Pera",3,{"v":1,"d":"1.0"},{"v":2.53,"d":"2.5"},5.4,7.6]
["Pepino",6,0.2,{"v":1.08,"d":"1.1"},{"v":3,"d":"3.0"},6.5]
["Outras olericolas",6,0.2,{"v":1.05,"d":"1.1"},1.6,6.3]
["Alface",9,0.2,0.7,1.4,6.3]
["Seringueira",1,6.2,6.2,6.2,6.2]
["Berinjela",4,0.4,{"v":1.53,"d":"1.5"},3.9,6.1]
["Banana",4,0.4,{"v":1.23,"d":"1.2"},{"v":2,"d":"2.0"},4.9]
["Lichia",1,4.8,4.8,4.8,4.8]
["Sorgo-forrageiro",2,2.4,2.4,2.4,4.8]
["Abobora (ou jerimum)",5,0.6,{"v":0.94,"d":"0.9"},1.2,4.7]
["Repolho",3,0.8,{"v":1.53,"d":"1.5"},{"v":3,"d":"3.0"},4.6]
["Abacate",3,0.3,{"v":1.53,"d":"1.5"},3.3,4.6]
["Jilo",4,0.4,{"v":1.13,"d":"1.1"},{"v":3,"d":"3.0"},4.5]
["Outros viveiros",1,{"v":4,"d":"4.0"},{"v":4,"d":"4.0"},{"v":4,"d":"4.0"},{"v":4,"d":"4.0"}]
["Chuchu",2,0.6,1.5,2.4,{"v":3,"d":"3.0"}]
["Horta domestica",2,0.4,1.4,2.4,2.8]
["Couve (ou couve-crespa)",4,0.2,{"v":0.68,"d":"0.7"},{"v":1,"d":"1.0"},2.7]
["Cebolinha",5,0.3,0.5,0.8,2.5]
["Melao",1,2.4,2.4,2.4,2.4]
["Pimenta",2,0.4,1.2,{"v":2,"d":"2.0"},2.4]
["Sorgo",1,2.4,2.4,2.4,2.4]
["Maracuja",1,2.4,2.4,2.4,2.4]
["Amora (ou amora-preta)",1,2.4,2.4,2.4,2.4]
["Feijao-vagem (ou vagem, ou feijao-verde)",2,{"v":1,"d":"1.0"},1.1,1.2,2.2]
["Chicoria (ou chicoria-de-folha-crespa)",4,0.2,0.5,0.8,{"v":2,"d":"2.0"}]
["Limao",1,1.8,1.8,1.8,1.8]
["Tomate envarado",1,1.8,1.8,1.8,1.8]
["Outras florestais",3,0.1,0.5,{"v":1,"d":"1.0"},1.5]
["Goiaba",3,0.3,{"v":0.43,"d":"0.4"},0.6,1.3]
["Moyashi",1,1.2,1.2,1.2,1.2]
["Mamao",1,1.2,1.2,1.2,1.2]
["Brocolos (ou brocolis)",3,0.3,0.4,0.5,1.2]
["Caqui",1,{"v":1,"d":"1.0"},{"v":1,"d":"1.0"},{"v":1,"d":"1.0"},{"v":1,"d":"1.0"}]
["Uva fina",1,{"v":1,"d":"1.0"},{"v":1,"d":"1.0"},{"v":1,"d":"1.0"},{"v":1,"d":"1.0"}]
["Outras frutiferas",1,{"v":1,"d":"1.0"},{"v":1,"d":"1.0"},{"v":1,"d":"1.0"},{"v":1,"d":"1.0"}]
["Quiabo",1,0.6,0.6,0.6,0.6]
["Acelga",1,0.6,0.6,0.6,0.6]
["Tangerina",1,0.6,0.6,0.6,0.6]
["Cenoura",2,0.2,{"v":0.25,"d":"0.3"},0.3,0.5]
["Couve-flor",1,0.5,0.5,0.5,0.5]
["Espinafre (ou espinafre-europeu)",1,0.5,0.5,0.5,0.5]
["Acafrao",1,0.2,0.2,0.2,0.2]
["Fonte: Secretaria de Agricultura e Abastecimento, CDRS/IEA, Projeto LUPA."]